Namenstage August - Statistiken

Allgemein
  • Dieses Quiz wurde 13 mal gespielt
  • Das Durchschnittsergebnis liegt bei 61 aus 114
Antwortstatistiken
Tag\Aug. 📍 Vorname(n) % Korrekt
1. August Ab.l ♂️ Abel
88%
5. August Ab.l ♂️ Abel*
88%
A.f..s ♂️ Alfons
88%
9. August E.i.h ♀️ Edith
88%
J.h..n ♂️ Johann
88%
4. August J.h.n..s ♂️ Johannes
88%
J.h.n..s ♂️ Johannes*
88%
Ma.k.s ♂️ Markus
88%
N.d.a ♀️ Nadja
88%
O.w..d ♂️ Oswald
88%
P.t..s ♂️ Petrus
88%
3. August B.n.o ♂️ Benno
75%
20. August B.r.h..d ♂️ Bernhard
75%
8. August D.m.n.k.s ♂️ Dominikus
75%
Ge.h..d ♂️ Gerhard
75%
He.m..n ♂️ Hermann
75%
J.h.n.a ♀️ Johanna
75%
J.s.f ♂️ Josef
75%
Ka.l ♂️ Karl
75%
L.r..z ♂️ Lorenz
75%
L.d.a ♀️ Lydia
75%
M.x.m.l..n ♂️ Maximilian
75%
M.x.m.l..n ♂️ Maximilian*
75%
N.k.l..s ♂️ Nikolaus
75%
Ra.n.r ♂️ Rainer
75%
R.g..a ♀️ Regina
75%
R.m.n ♂️ Roman
75%
T.e.d.r ♂️ Theodor
75%
U.r..h ♂️ Ulrich
75%
16. August A.h.m ♂️ Achim
63%
15. August Ad.m ♂️ Adam
63%
30. August Am.d..s ♂️ Amadeus
63%
A.g..t.n ♂️ Augustin
63%
D.v.d ♂️ David
63%
D.m.n..a ♀️ Dominica
63%
14. August Eb..h..d ♂️ Eberhard
63%
Em.l.a ♀️ Emilia
63%
Em.l.e ♀️ Emilie
63%
F.l.x ♂️ Felix
63%
Gr.g.r ♂️ Gregor
63%
I.o.a ♀️ Ilona
63%
J.t.a ♀️ Jutta
63%
22. August La.t.t.a | La.t.z.a ♀️ Laetitia | Laetizia
63%
Lu.w.g ♂️ Ludwig
63%
M.r.a ♀️ Maria
63%
M.c..e.a ♀️ Michaela
63%
M.r..m ♀️ Miriam
63%
Pi.s ♂️ Pius
63%
R.b.k.a ♀️ Rebekka
63%
S.m..l ♂️ Samuel
63%
S.e.f.i.d ♂️ Siegfried
63%
St.f.n ♂️ Stefan
63%
S.s.n.e ♀️ Susanne
63%
Vi.t.r.a ♀️ Viktoria
63%
Vi.t.r.a ♀️ Viktoria*
63%
26. August Ad.i.n ♂️ Adrian
50%
Ad..a.o ♂️ Adriano
50%
10. August A.t..d ♀️ Astrid
50%
24. August Ba.t..l.m..s ♂️ Bartholomäus
50%
C.r..t..n ♂️ Christian
50%
C.l.n ♂️ Colin
50%
Ge.t..d ♀️ Gertrud
50%
I.g.b..g ♀️ Ingeborg
50%
I.g.b..g ♀️ Ingeburg
50%
J.c.k ♂️ Jacek
50%
J.n..e ♀️ Janine
50%
J.l.a.e ♀️ Juliane
50%
La.r..t..s ♂️ Laurentius
50%
Lu.z ♂️ Lutz
50%
Ma.g.r..e ♀️ Margarete
50%
P.t..c.a ♀️ Patricia
50%
31. August Ra.m..d ♂️ Raimund
50%
R.n..d ♂️ Ronald
50%
R.p..t ♂️ Rupert
50%
S.b..e ♀️ Sabine
50%
T.m.t.e.s ♂️ Timotheus
50%
28. August A.i.a ♀️ Alina
38%
A.i.e ♀️ Aline
38%
21. August Ba.d..n ♂️ Balduin
38%
29. August B.a.r.x ♀️ Beatrix
38%
6. August Be.t.a ♀️ Bertha
38%
Cl.r.s.a ♀️ Clarissa
38%
Cl.r.s.a ♀️ Clarissa*
38%
18. August C.a.d.a ♀️ Claudia
38%
D.n..d ♂️ Donald
38%
E.m.r ♂️ Elmar
38%
E.v..a ♀️ Elvira
38%
13. August G.r..d ♂️ Gerold
38%
Gi.b..t ♂️ Gilbert
38%
H.l..a ♀️ Helena
38%
H.r.b..t ♂️ Heribert
38%
J.a.h.m ♂️ Joachim
38%
K.a.a ♀️ Klara
38%
M.c..h..d ♀️ Mechthild
38%
T.r..a ♀️ Teresa
38%
12. August C.a.t.l ♀️ Chantal
25%
11. August Ch.a.a ♀️ Chiara
25%
D.n.t.s ♂️ Donatus
25%
M.i.h..d ♂️ Meinhard
25%
R.q.e ♂️ Roque
25%
St.n..l..s ♂️ Stanislaus
25%
C.a..e ♀️ Claire
13%
27. August Ge.h..d ♂️ Gebhard
13%
H.p..l.t | H.p..l.t.s ♂️ Hippolyt | Hippolytos
13%
M.n..a ♀️ Monika
13%
R.c..s ♂️ Rochus
13%
23. August Ro.a ♀️ Rosa
13%
S.b..d ♂️ Sebald
13%
7. August Af.a ♀️ Afra
0%
25. August C.r..t..h ♂️ Christoph
0%
17. August H.a.i..h ♀️ Hyazinth
0%
S.b.i.s ♀️ Sabrina
0%
Keine übereinstimmenden Quizze gefunden
Verteilung der Resultate
Anzahl Personen mit jedem Resultat
Perzentil nach korrekt beantworteten Fragen
Ihre Resultats-Entwicklung
Sie haben dieses Quiz noch nicht gespielt